Vista normal Vista MARC

Entrada Personal Name

Número de registros utilizados en: 1

001 - CONTROL NUMBER

  • control field: 11364

003 - CONTROL NUMBER IDENTIFIER

  • control field: OSt

005 - DATE AND TIME OF LATEST TRANSACTION

  • control field: 20201008154029.0

008 - FIXED-LENGTH DATA ELEMENTS

  • fixed length control field: 201008|| aca||aabn | a|a d

040 ## - CATALOGING SOURCE

  • Original cataloging agency: OSt
  • Transcribing agency: OSt

100 ## - HEADING--PERSONAL NAME

  • Personal name: Parra, Juan Manuel

670 ## - SOURCE DATA FOUND

  • Source citation: Work cat.: (OSt)4083: Parra, Juan Manuel, coordinador., 9 claves para una gestión humana estratégica /, 2017